[Event "Cattolica Vergani Cup"]
[Site "Cattolica"]
[Date "2021.12.30"]
[Round "9"]
[White "Comellas Blanchart, Jordi"]
[Black "Battisti, Joseph"]
[Result "1-0"]
[WhiteElo "2044"]
[BlackElo "1832"]
[PlyCount "141"]
[EventDate "2021.12.26"]
[EventType "swiss"]
[EventRounds "9"]
[EventCountry "ITA"]
[SourceTitle "EXT 2023"]
[Source "ChessBase"]
[SourceDate "2022.10.05"]
[SourceVersion "1"]
[SourceVersionDate "2022.10.05"]
[SourceQuality "1"]

1. d4 d5 2. c4 c6 3. Nc3 Nf6 4. e3 Bf5 5. cxd5 cxd5 6. Qb3 Qb6 7. Nxd5 Qxb3 8. Nxf6+ exf6 9. axb3 Bb4+ 10. Bd2 Bxd2+ 11. Kxd2 0-0 12. Bd3 Be6 13. Bc4 Nc6 14. Nf3 a6 15. Rhc1 Bd7 16. e4 Rfe8 17. Bd3 Bg4 18. Rc4 a5 19. Ne1 Bd7 20. d5 Nb4 21. Rc7 Bc8 22. f3 b6 23. Bb5 Rd8 24. Nd3 Na6 25. Rc3 Bb7 26. Rac1 f5 27. Bc6 Bxc6 28. Rxc6 fxe4 29. fxe4 f5 30. Ke3 fxe4 31. Kxe4 Nb8 32. Rxb6 Nd7 33. Rb5 Nf6+ 34. Kd4 a4 35. bxa4 Rxa4+ 36. Rc4 Ra1 37. Rbc5 Kf8 38. Rc8 Ke8 39. Rxd8+ Kxd8 40. Rc2 Ra5 41. Nc5 Ra1 42. Rd2 g6 43. h3 Rc1 44. Ke5 Ng4+ 45. hxg4 Rxc5 46. Kf6 Rc4 47. Kg7 Rxg4 48. Kxh7 Kd7 49. d6 Rg3 50. Kg7 Rg4 51. Kf6 Rg3 52. Ke5 Rg5+ 53. Kf6 Rg4 54. b3 Rg3 55. b4 Rg4 56. b5 Rg3 57. b6 Rb3 58. Kxg6 Rxb6 59. g4 Rb8 60. Kf7 Rb4 61. g5 Rg4 62. g6 Rf4+ 63. Kg8 Rg4 64. g7 Rg3 65. Rd4 Rg1 66. Kf7 Rf1+ 67. Kg6 Rg1+ 68. Kf6 Rg2 69. Rd5 Rf2+ 70. Rf5 Rg2 71. Rg5 1-0

[Event "Cattolica Vergani Cup"]
[Site "Cattolica"]
[Date "2021.12.27"]
[Round "2"]
[White "Mohamed, Anees M"]
[Black "Battisti, Joseph"]
[Result "1-0"]
[WhiteElo "2312"]
[BlackElo "1832"]
[PlyCount "23"]
[EventDate "2021.12.26"]
[EventType "swiss"]
[EventRounds "9"]
[EventCountry "ITA"]
[SourceTitle "CBM 206 Extra"]
[Source "ChessBase"]
[SourceDate "2022.03.31"]
[SourceVersion "1"]
[SourceVersionDate "2022.03.31"]
[SourceQuality "1"]

1. d4 d5 2. Nf3 Nf6 3. c4 c6 4. Nc3 dxc4 5. a4 Bf5 6. e3 e6 7. Bxc4 Nbd7 8. 0-0 Bb4 9. Qb3 Qb6 10. Nd2 0-0 11. Be2 Rfd8 12. Nc4 1-0

[Event "Cattolica Vergani Cup"]
[Site "Cattolica"]
[Date "2021.12.26"]
[Round "1"]
[White "Battisti, Joseph"]
[Black "Palchuk, Andrii"]
[Result "1/2-1/2"]
[WhiteElo "1832"]
[BlackElo "2242"]
[PlyCount "61"]
[EventDate "2021.12.26"]
[EventType "swiss"]
[EventRounds "9"]
[EventCountry "ITA"]
[SourceTitle "EXT 2023"]
[Source "ChessBase"]
[SourceDate "2022.10.05"]
[SourceVersion "1"]
[SourceVersionDate "2022.10.05"]
[SourceQuality "1"]

1. e4 c6 2. d4 d5 3. Nc3 dxe4 4. Nxe4 Nf6 5. Nxf6+ exf6 6. c3 Bd6 7. Bd3 0-0 8. Ne2 Re8 9. 0-0 Nd7 10. Bf4 Nf8 11. Qd2 Ng6 12. Bxd6 Qxd6 13. Rfe1 Be6 14. a3 b5 15. b4 Bd5 16. Bxg6 hxg6 17. Nf4 Bc4 18. Nd3 a5 19. Nc5 Qc7 20. Rxe8+ Rxe8 21. Re1 Rxe1+ 22. Qxe1 Bd5 23. Qe8+ Kh7 24. Qd7 Qxd7 25. Nxd7 axb4 26. axb4 Kh6 27. f3 Kg5 28. Nc5 f5 29. g4 fxg4 30. fxg4 Kxg4 31. Kf2 1/2-1/2